00381nam a2200133Ia 4500008004100000100001800041245008000059245001800139260002500157260000900182300002500191650001600216650001500232170224s9999 xx 000 0 und d aAlan Sangster aYou Cannot Judge a Book by Its Cover: The Problems with Journal Rankings  cAlan Sangster bAccounting Education c2015 a24:3, Pages: 175-186 xAccountancy xAccounting